Torschützenkönige in der Geschichte von Manchester United - Statistiken

Allgemein
  • Dieses Quiz wurde 60 mal gespielt
  • Das Durchschnittsergebnis liegt bei 6 aus 10
Antwortstatistiken
Tore Nationalität Spieler % Korrekt
145 Portugal Cristiano Ronaldo
100%
253 England Wayne Rooney
94%
167 Wales Ryan Giggs
77%
150 Niderlande Ruud van Nistelrooy
74%
158 Nordirland George Best
68%
155 England Paul Scholes
55%
233 England Sir Bobby Charlton
51%
151 Wales Mark Hughes
19%
211 Schottland Denis Law
17%
136 Schottland David Herd
4%
Keine übereinstimmenden Quizze gefunden
Verteilung der Resultate
Anzahl Personen mit jedem Resultat
Perzentil nach korrekt beantworteten Fragen
Ihre Resultats-Entwicklung
Sie haben dieses Quiz noch nicht gespielt